000 00346 a2200157 4500
001 195150
020 _a9786586040128
040 _cMagnum
100 _aRocha, Lavínia
240 1 0 _aO mistério da sala secreta
_l
245 1 0 _aO mistério da sala secreta
300 _a174
362 0 _a2021
697 _aLITERATURA JUVENIL
942 _cBK
999 _c195150
_d195150